Vista normal
Vista MARC
Entrada Materia (personas)
Número de registros utilizados en: 2
001 - CONTROL NUMBER
- control field: 29115
003 - CONTROL NUMBER IDENTIFIER
- control field: Co-BoUCM
005 - DATE AND TIME OF LATEST TRANSACTION
- control field: 20130218094609.0
008 - FIXED-LENGTH DATA ELEMENTS
- fixed length control field: 130218|| aca||aabn | a|a d
040 ## - CATALOGING SOURCE
- Original cataloging agency: Co-BoUCM
- Transcribing agency: Co-BoUCM
100 ## - HEADING--PERSONAL NAME
- Personal name: Laforge, Raymond W.
670 ## - SOURCE DATA FOUND
- Source citation: Work cat.: (Co-BoUCM)51551: Bearden, William O 29113, Marketing, 2007.